00927 2200337 4500001002100000005001500021035002000036007000300056040001600059100003100075245005800106250001200164300003500176504002500211020001800236041000800254082001000262084001600272090002300288264004100311336002100352337003000373338002300403650001200426850001000438008004100448990002500489990002500514990002500539990002500564INLIS00000000000748920260602021432 a0010-0822000463ta aSBUPADbind0 aAnno D. SanjariePengarang1 aAneka Cara Pembuatan Minyak Kelapa /cAnno D. Sanjari a.-cet.1 a76 hlm :bilus ;c14,8x20,6 cm aBibliografi, hlm 76 a602-8133-22-707aind a644.3 a644.3 ANN a a644.3 ANN a L20-10 a.--Bandung :bGaza Publishing,c2008 2rdacontentateks 2rdamediaatanpa perantara 2rdacarrieravolume 4aMasakan aPUPAD260602 0  a8421/H/KAPD-PDG/2009 a8419/H/KAPD-PDG/2009 a8420/H/KAPD-PDG/2009 a8423/H/KAPD-PDG/2009